<?xml version="1.0" encoding="UTF-8"?>
<record
    xmlns:xsi="http://www.w3.org/2001/XMLSchema-instance"
    xsi:schemaLocation="http://www.loc.gov/MARC21/slim http://www.loc.gov/standards/marcxml/schema/MARC21slim.xsd"
    xmlns="http://www.loc.gov/MARC21/slim">

  <leader>00854nam a2200229Ia 4500</leader>
  <controlfield tag="001">20223</controlfield>
  <controlfield tag="003">GE_BSU</controlfield>
  <controlfield tag="008">181216s||||||||xx |||||||||||||| ||und||</controlfield>
  <datafield tag="040" ind1=" " ind2=" ">
    <subfield code="c">GE_BSU</subfield>
  </datafield>
  <datafield tag="080" ind1=" " ind2=" ">
    <subfield code="a">81'374.822=161.1=353</subfield>
  </datafield>
  <datafield tag="100" ind1=" " ind2=" ">
    <subfield code="a">&#x426;&#x435;&#x440;&#x446;&#x432;&#x430;&#x434;&#x437;&#x435; ,&#x418; .&#x418;.</subfield>
  </datafield>
  <datafield tag="245" ind1=" " ind2=" ">
    <subfield code="a">&#x421;&#x43B;&#x43E;&#x432;&#x430;&#x440;&#x44C;-&#x441;&#x43F;&#x440;&#x430;&#x432;&#x43E;&#x447;&#x43D;&#x438;&#x43A; &#x43F;&#x43E; &#x433;&#x43B;&#x430;&#x433;&#x43E;&#x43B;&#x44C;&#x43D;&#x43E;&#x43C;&#x443; &#x443;&#x43F;&#x440;&#x430;&#x432;&#x43B;&#x435;&#x43D;&#x438;&#x44F; &#x432; &#x440;&#x443;&#x441;&#x441;&#x43A;&#x43E;&#x43C; &#x44F;&#x437;&#x44B;&#x43A;&#x435; &#x441; &#x433;&#x440;&#x443;&#x437;&#x438;&#x43D;&#x441;&#x43A;&#x438;&#x43C;&#x438; &#x44D;&#x43A;&#x432;&#x438;&#x432;&#x430;&#x43B;&#x435;&#x43D;&#x442;&#x430;&#x43C;&#x438; = &#x414;&#x43B;&#x44F; &#x443;&#x447;&#x430;&#x448;&#x438;&#x445;&#x441;&#x44F; &#x441;&#x442;&#x430;&#x440;&#x448;&#x438;&#x445; &#x43A;&#x43B;&#x430;&#x441;&#x441;&#x43E;&#x432; &#x433;&#x440;&#x443;&#x437;&#x438;&#x43D;&#x441;&#x43A;&#x438;&#x445; &#x448;&#x43A;&#x43E;&#x43B;</subfield>
  </datafield>
  <datafield tag="245" ind1=" " ind2=" ">
    <subfield code="c">&#x420;&#x435;&#x434;&#x430;&#x43A;&#x442;&#x43E;&#x440; &#x41E;.&#x414;. &#x41A;&#x438;&#x43D;&#x43A;&#x43B;&#x430;&#x434;&#x437;&#x435;.</subfield>
  </datafield>
  <datafield tag="260" ind1=" " ind2=" ">
    <subfield code="a">&#x422;&#x431;&#x438;&#x43B;&#x438;&#x441;&#x438;</subfield>
  </datafield>
  <datafield tag="260" ind1=" " ind2=" ">
    <subfield code="b">&#x413;&#x430;&#x43D;&#x430;&#x442;&#x43B;&#x435;&#x431;&#x430;</subfield>
  </datafield>
  <datafield tag="260" ind1=" " ind2=" ">
    <subfield code="c">1988.</subfield>
  </datafield>
  <datafield tag="300" ind1=" " ind2=" ">
    <subfield code="a">358 &#x441;.22cm</subfield>
  </datafield>
  <datafield tag="541" ind1=" " ind2=" ">
    <subfield code="h">5&#x43B;,</subfield>
  </datafield>
  <datafield tag="653" ind1=" " ind2=" ">
    <subfield code="a">&#x421;&#x43B;&#x43E;&#x432;&#x430;&#x440;&#x44C;-&#x441;&#x43F;&#x440;&#x430;&#x432;&#x43E;&#x447;&#x43D;&#x438;&#x43A;.</subfield>
  </datafield>
  <datafield tag="653" ind1=" " ind2=" ">
    <subfield code="a">&#x10EA;&#x10DC;&#x10DD;&#x10D1;&#x10D0;&#x10E0;&#x10D8;, &#x10DA;&#x10D4;&#x10E5;&#x10E1;&#x10D8;&#x10D9;&#x10DD;&#x10DC;&#x10D8;</subfield>
  </datafield>
  <datafield tag="942" ind1=" " ind2=" ">
    <subfield code="c">BK</subfield>
  </datafield>
  <datafield tag="999" ind1=" " ind2=" ">
    <subfield code="c">53182</subfield>
    <subfield code="d">53182</subfield>
  </datafield>
  <datafield tag="952" ind1=" " ind2=" ">
    <subfield code="0">0</subfield>
    <subfield code="1">0</subfield>
    <subfield code="4">0</subfield>
    <subfield code="7">0</subfield>
    <subfield code="9">74719</subfield>
    <subfield code="d">2018-12-17</subfield>
    <subfield code="p">52810</subfield>
    <subfield code="r">2018-12-17</subfield>
    <subfield code="w">2018-12-17</subfield>
    <subfield code="y">BK</subfield>
  </datafield>
</record>
